Direito ambiental minerário : (Record no. 61)

MARC details
000 -LÍDER
Campo Fixo de Controle 00724cam a2200229 a 4500
001 - NÚMERO DE CONTROLE
Campo de Controle 61
003 - IDENTIFICAÇÃO DO NÚMERO DE CONTROLE
Campo de Controle BR-CuiBMT
005 - DATA E HORA DA ÚLTIMA ATUALIZAÇÃO
Campo de Controle 20231026212229.0
008 - DADOS FIXOS
Dados Fixos 230809s2021 mgb 000 0 por d
020 ## - INTERNATIONAL STANDARD BOOK NUMBER
Nº do ISBN 9786555182958
040 ## - AGÊNCIA CATALOGADORA
Código da Agência Catalogadora BR-CuiBMT
Agência que transcreveu o registro BR-CuiBMT
080 ## - Nº DA CLASSIFICAÇÃO DECIMAL UNIVERSAL
Nº edição CDU 2007
Nº Class. CDU 349.6
090 ## - NÚMERO DE CHAMADA
Nº classificação 349.6
Cutter B862d
100 1# - ENTRADA PRINCIPAL -- AUTOR PESSOAL
Nome pessoal Brito, Luis Antonio Monteiro de
245 10 - TÍTULO PRINCIPAL
Título principal Direito ambiental minerário :
Subtítulo regime jurídico dos impactos e danos ambientais na mineração /
Indicação de responsabilidade Luis Antonio Monteiro de Brito ; prefácio Édis Milaré.
260 ## - PUBLICAÇÃO, DISTRIBUIÇÃO, ETC.
Local de publicação Belo Horizonte :
Editora Fórum,
Data 2021.
300 ## - DESCRIÇÃO FÍSICA
N. páginas ou volumes 351 p. ;
Dimensões 22 cm
504 ## - NOTA DE BIBLIOGRAFIA, ETC.
Nota de bibliografia Inclui bibliografia.
650 ## - ASSUNTO TÓPICO
Cabeçalho tópico ou nome geográfico Direito ambiental
650 ## - ASSUNTO TÓPICO
Cabeçalho tópico ou nome geográfico Direito minerário
942 ## - ELEMENTOS DE ENTRADA ADICIONAIS (KOHA)
Fonte de classificação ou esquema de arquivamento Classificação Decimal Universal
Tipo de item do Koha Livros
Holdings
Estado: removido Estado: perdido Fonte de classificação ou esquema de arquivamento Estado: danificado Indisponível para empréstimo Localização permanente Localização atual Data de aquisição Total Checkouts Número de Chamada completo Código de barras Date last seen Número do exemplar Preço efetivo a partir de Tipo de item (Koha)
    Classificação Decimal Universal     Biblioteca da Escola Superior de Contas do TCE/MT Biblioteca da Escola Superior de Contas do TCE/MT 28/07/2023   349.6 B862d BIBTCEMT23080037 09/08/2023 Ex. 1 09/08/2023 Livros

Powered by Koha